Paroles - Nekfeu - Énergie sombre - Statistiques

Statistiques générales
  • Ce quiz a été pris 527 fois
  • Le résultat moyen est 360 sur 479
Statistiques - réponses
Paroles % Correct
de
97%
je
97%
Je
97%
me
97%
que
97%
se
97%
moi
96%
moi,
96%
est
95%
Il
95%
il
95%
la
95%
La
95%
le
95%
sombre
95%
te
95%
Et
94%
et
94%
mon
94%
plus
94%
à
93%
a
93%
ma
93%
Quand
93%
quand
93%
semble
93%
depuis
92%
des
92%
Des
92%
J'ai
92%
jour
92%
mois
92%
ne
92%
ombre
92%
quelques
92%
Tu
92%
tu
92%
claire
91%
tes
91%
levé
90%
nudes
90%
s'est
90%
Tellement
90%
lune
89%
demandé
87%
news
87%
en
86%
qui
86%
Qui
86%
levée
84%
m'as
83%
on
83%
On
83%
un
81%
Un
81%
c'est
80%
C'est
80%
Mais
80%
mais
80%
sa
80%
pas
78%
les
77%
suis
77%
sur
76%
Sur
76%
sûr
76%
doute
75%
toi
75%
toi ?
75%
tout ?
75%
tout
75%
ai
74%
mes
73%
au
72%
mots
72%
72%
doutes
71%
besoin
70%
b'soin
70%
doux
70%
ta
70%
d'août
69%
downloadé
69%
souviens
68%
bébé
67%
fait
67%
j'suis
67%
J'suis
67%
liberté
67%
Nos
67%
Une
67%
une
67%
sang
66%
s'envoyait
66%
veux
66%
Belle
65%
nous
65%
Peu
65%
peu
65%
Clochard,
64%
dégaines
64%
ça
63%
combien
63%
l'été,
63%
qu'on
63%
supprimé
63%
vendre
63%
plat
62%
deux
61%
J'en
61%
m'aider ?
61%
mer,
61%
mienne,
61%
noodles
61%
ouais
61%
plein
61%
prisonnier
61%
Ah
60%
dis-moi
60%
d'un
60%
ton
60%
autour
59%
couplet
59%
démodé
59%
énième
59%
niqué
59%
vends
59%
voulais
59%
bouteille
58%
Dans
58%
dans
58%
d'autres
58%
l'amour
57%
Maintenant
57%
mieux
57%
Si
57%
si
57%
sombres
57%
ensemble
56%
homme
56%
lit
56%
pour
56%
sens
56%
t'y
56%
chaleur
55%
confiance
55%
fond
55%
lui
55%
Nan
55%
t'inquiètes
55%
faute
54%
j'doutais
54%
nouvel
54%
sol
54%
SoundCloud
53%
humaine
52%
penses
52%
plaisir
52%
T'as
52%
bohémienne
51%
innocent,
51%
loin,
51%
sonde
51%
m'envoies
50%
ondes,
50%
sanglots
50%
trop
50%
Car
49%
émotion
49%
l'autre
49%
revenir
49%
Toute
49%
airs
48%
cette
48%
allé
47%
Saint-Claude
47%
tous
47%
va ?
47%
Y
47%
s'enclenchent,
46%
replay
45%
veut
45%
couler
44%
minuit
44%
propos
44%
songes
44%
est-ce
43%
Est-ce
43%
l'emmène
43%
Alors
42%
mensonges,
42%
phone
42%
confier
41%
J'me
41%
moins
41%
quête
41%
seule
41%
sonne
41%
même
40%
danse
39%
haine
39%
menaçants
39%
rappellent
39%
aussi,
38%
confidente
38%
voit
38%
voit,
38%
kiffant
37%
privé
37%
dimension
36%
d'tes
36%
raison
35%
c'qu'on
34%
perdre
34%
Prêt
33%
sait
32%
comme
30%
question
30%
tant
30%
sanglante
29%
sons
29%
voir
29%
choix
28%
choses ?
28%
conflit
27%
tente
27%
vraiment
27%
bonheur
26%
étrange
25%
partout
24%
chance
23%
joie
23%
t'encaisses
23%
vaut
23%
instants
22%
désastre
20%
fuyait
20%
tentes
20%
peut-être
17%
Aucun quiz correspondant
Distribution des résultats
% des personnes avec chaque résultat
Percentile par nombre de réponses
Votre historique - résultats
Vous n’avez pas pris ce quiz